| 000 | 00543nam a2200181Ia 4500 | ||
|---|---|---|---|
| 003 | GCL | ||
| 008 | 140319s9999 xx 000 0 eng d | ||
| 040 |
_aGCL / _cGCL |
||
| 082 | 0 | 4 |
_a341.481 _bG U |
| 100 | 1 | _aGHALI, BOUTROS BOUTROS | |
| 245 | 1 | 0 |
_aTHE UNITED NATIONS AND HUMAN RIGHTS, 1945 - 1995 / _cGHALI, BOUTROS BOUTROS |
| 260 |
_a[S.N] : _bTHE UNITED NATIONS DEPARTMENT OF PUBLIC ، _c1995 |
||
| 300 | _a536 P | ||
| 650 | 0 | 4 | _aHUMAN RIGHTS |
| 650 | 0 | 4 | _aINTERNATIONAL LAW |
| 650 | 0 | 4 | _aUNIVERSAL DECLARATION - HUMAN |
| 942 |
_2ddc _cBK |
||
| 999 |
_c13461 _d13461 |
||